Návrh vákuovej aparatúry pre organické elektroluminiscenčné diódy

Uložené v:
Podrobná bibliografia
Hlavný autor: Kytka, Milan, 1980- (Autor)
Ďalší autori: Jakabovič, Ján, 1951- (Vedúci práce)
Médium: Rukopis Kniha
Jazyk:Slovak
Vydavateľské údaje: Bratislava : STU v Bratislave FEI, 2003
Predmet:
Tagy: Pridať tag
Žiadne tagy, Buďte prvý, kto otaguje tento záznam!

MARC

LEADER 00000ntm a22000003a 4500
001 stu88046
005 20150617225630.8
008 040616s2003------------------------slo-d
040 |a STU  |b slo 
041 0 |a slo 
100 1 |a Kytka, Milan,  |d 1980-  |4 aut  |u E210  |U FEI Fakulta elektrotechniky a informatiky  |T FEI Katedra mikroelektroniky  |X 10203  |U E210  |Y 68  |7 A000010203 
245 1 |a Návrh vákuovej aparatúry pre organické elektroluminiscenčné diódy 
260 |a Bratislava :  |b STU v Bratislave FEI,  |c 2003 
300 |a 40 s  |c príl. 
650 7 |a elektronika  |2 stusub 
700 1 |a Jakabovič, Ján,  |d 1951-  |4 ths  |u E030  |U FEI Fakulta elektrotechniky a informatiky  |T FEI Ústav elektroniky a fotoniky  |X 2029  |U E030  |Y 549  |7 A000002029